Statistics for Biggest European Cities that end in X, Y, Z with a Map

Click here to take the quiz!

General Stats

  • This quiz has been taken 83 times
  • The average score is 11 of 30

Answers on the Map

Answers color-coded by a green-red scale on the quiz's map according to % correct below.
 

Answer Stats

PopulationCity% Correct
257,068Bordeaux
92%
672,185Łódź
80%
206,552Linz
77%
291,130Graz
74%
115,439Cádiz
61%
382,073Coventry
54%
264,654Derby
50%
116,581Metz
50%
218,578Mainz
47%
344,091Bydgoszcz
46%
246,334Chemnitz
45%
128,199Annecy
39%
143,097Aix
38%
150,984Badajoz
35%
324,602Grozny
35%
213,105Jerez
35%
253,996Vitoria-Gasteiz
27%
495,810Cheboksary
23%
262,119Sumy
20%
274,762Cherkasy
19%
301,543Vladikavkaz
16%
532,074Naberezhnye Chelny
15%
126,871Tychy
15%
323,853Volzhsky
14%
228,816Shakhty
12%
119,460Lüleburgaz
11%
208,397Lyubertsy
11%
125,461Çerkezköy
9%
117,778Dolgoprudny
7%
113,737Oktyabrsky
7%

Score Distribution

Percentile by Number Answered

Percent of People with Each Score

Your Score History

You have not taken this quiz